| 000 | 00665nam a2200229 i 4500 | ||
|---|---|---|---|
| 001 | C2-0253021 | ||
| 003 | PPAK | ||
| 005 | 20180727220127.0 | ||
| 008 | 040108s su |||| ||||| | ara d | ||
| 040 |
_aPPAK _beng _cPPAK _erda |
||
| 082 | 0 | 4 |
_a297.55 _223 |
| 090 | 0 | 0 |
_a297.55 _bADD _dKSA |
| 245 | 0 | 0 | _aAd-din, Haji, Umrah dan Ziarah |
| 264 | 1 |
_aMekkah : _b[publisher not identified] , _c[date of publication not identified] |
|
| 300 |
_a93 pages ; _c17 cm |
||
| 336 |
_2rdacontent _atext |
||
| 337 |
_2rdamedia _aunmediated |
||
| 338 |
_2rdacarrier _avolume |
||
| 500 | _aTeks dalam Bahasa Arab | ||
| 650 | 1 | 0 | _aMuslim pilgrims and pilgrimages |
| 942 |
_ddc _cB |
||
| 999 |
_c65962 _d65962 |
||